International journal of clinical transfusion medicine

Bibliographic Details
Format: Electronic Journal
Language:English
Published: [Auckland] : Dovepress, [2013]-
Subjects:
Online Access:Full text available from Research Library: 01/01/2013 to present

MARC

LEADER 00000nas a2200000 i 4500
001 ssj0001737957
003 WaSeSS
005 20200512172242.0
006 m d
007 cr n
008 120309c20139999nz x p s 0 a0eng
010 |a  2016268607 
022 |a 2253-3249 
035 |a (WaSeSS)ssj0001737957 
040 |a NZ1  |b eng  |c NZ1  |d CNCGM  |d AU@  |d CUS  |d OCLCF  |d OCLCO  |d OCL  |d SERSO  |d PFM  |d CUS  |d CUI  |d OCLCO  |d OCLCA  |d STF  |d OCLCO  |d OCLCA  |d CRU  |d OCLCO  |d WYU  |d VT2  |d OCLCO  |d NZ1  |d OCLCO  |d OCLCQ  |d OCLCA  |d WaSeSS 
042 |a nznb  |a pcc 
050 1 4 |a RM171 
082 0 4 |a 615.39  |2 23 
210 1 |a Int. j. clin. transfus. med. 
222 0 |a International journal of clinical transfusion medicine 
245 0 0 |a International journal of clinical transfusion medicine  |h [electronic resource]. 
246 1 |i Title in HTML header:  |a Journal of clinical transfusion medicine 
260 |a [Auckland] :  |b Dovepress,  |c [2013]- 
310 |a Irregular 
347 |a text file  |b PDF  |2 rda 
362 1 |a Began with: Volume 1 (2013). 
506 |a License restrictions may limit access. 
515 |a Articles added irregularly during the year and collected into annual issues. 
588 |a Description based on: Volume 1 (2013); title from PDF caption (publisher's Web site, viewed on July 25, 2016). 
588 |a Latest issue consulted: Volume 4 (2016) (viewed on July 25, 2016). 
650 0 |a Blood  |x Transfusion  |v Periodicals. 
650 2 |a Blood Transfusion. 
650 7 |a Blood  |x Transfusion  |2 fast  |0 (OCoLC)fst00834613 
655 0 |a Electronic journals. 
856 4 0 |z Full text available from Research Library: 01/01/2013 to present  |u https://search.proquest.com/publication/3933153